000 00474nam a22001697a 4500
003 BD-ChCU
005 20260430090649.0
008 260430b bg ||||| |||| 00| 0 ben d
040 _cBD-ChCU
082 _a172 TOE
100 _aToulmin , Stephen .
_922109
245 _aAn examination of the place of reason in ethics ./
_cStephen , Toulmin
260 _aCambridge :
_bUniv. press ,
_cC 1968
300 _axiv , 228p.
650 0 _aEthics .
_922110
942 _2ddc
_cBK
_n0
999 _c112531
_d112531